Applied optics / (Record no. 96997)

MARC details
000 -LEADER
fixed length control field 00593nam a22001937a 4500
005 - DATE AND TIME OF LATEST TRANSACTION
control field 20151021120203.0
010 ## - LCCN (DPL NO)
LC control number ENG-114064
020 ## - INTERNATIONAL STANDARD BOOK NUMBER
Terms of availability 295.00
International Standard Book Number 9788120351400
035 ## - SYSTEM CONTROL NUMBER
System control number EN-97596
037 ## - SOURCE OF ACQUISITION
Source of stock number/acquisition DBAD/PUB
082 ## - DEWEY DECIMAL CLASSIFICATION NUMBER
Classification number 535.05
100 ## - MAIN ENTRY--PERSONAL NAME
Personal name Devraj Singh
245 ## - TITLE STATEMENT
Title Applied optics /
Statement of responsibility, etc by Devraj Singh
260 ## - PUBLICATION, DISTRIBUTION, ETC. (IMPRINT)
Place of publication, distribution, etc New Delhi
Name of publisher, distributor, etc PHI Learning
Date of publication, distribution, etc 2015
270 ## - ADDRESS
Address Rimjhim House,111, Patparganj Industrial Estate
City New Delhi
Postal code 110092
300 ## - PHYSICAL DESCRIPTION
Extent xv,248p.:
Dimensions 25cm(pbk)
Other physical details ill.
500 ## - GENERAL NOTE
General note Includes bibliographical references and index
942 ## - ADDED ENTRY ELEMENTS (KOHA)
Source of classification or shelving scheme Dewey Decimal Classification
Item type English Books
Call number suffix DEV
Classification part 535.05
Holdings
Withdrawn status Lost status Not for loan Collection code Home library Current library Date acquired Source of acquisition Cost, normal purchase price Full call number Barcode Copy number Cost, replacement price Koha item type
    Not For Loan Non-fiction D.B.Act.Division D.B.Act.Division 16/09/2015 DBAD/PUB 295.00 535.05 DEV EN-97596 1 295.00 English Books

© Delhi Public Library
Hit Counter
free hit counter